Pracovné antivzorce
Vzorce nerozumného alebo kontraproduktívneho správania, tzv. antivzorce. Príčiny, stabilizátory a možnosti bránenia sa antivzorcom.
Gespeichert in:
| Format: | Buchkapitel |
|---|---|
| Sprache: | Slowakisch |
| Schlagworte: | |
| Tags: |
Keine Tags, Fügen Sie das erste Tag hinzu!
|
MARC
| LEADER | 00000naa a2200000 4500 | ||
|---|---|---|---|
| 001 | 0220638 | ||
| 005 | 20231116122601.8 | ||
| 041 | 0 | |a slo | |
| 044 | |a SK | ||
| 245 | 1 | 0 | |a Pracovné antivzorce |
| 520 | |a Vzorce nerozumného alebo kontraproduktívneho správania, tzv. antivzorce. Príčiny, stabilizátory a možnosti bránenia sa antivzorcom. | ||
| 610 | 2 | 0 | |a komunikácia firemná |
| 610 | 2 | 0 | |a komunikácia manažérska |
| 610 | 2 | 0 | |a komunikácia interpersonálna |
| 610 | 2 | 0 | |a kompetencie manažérske |
| 610 | 2 | 0 | |a kompetentnosť sociálna |